| Поле | Инд. | ПП | Название | Значение |
|---|---|---|---|---|
| Тип записи | a | |||
| Библиографический уровень | a | |||
| 001 | Контрольный номер | 7c08be6faca5496e99d2f992ec2db0fc | ||
| 005 | Дата корректировки | 20200925152839.7 | ||
| 040 | a | Служба первич. каталог. | НБ ТвГУ | |
| b | Код языка каталог. | rus | ||
| e | Правила каталог. | PSBO | ||
| 041 | 0_ | a | Код языка текста | rus |
| 097 | b | Оператор | Starichkova.DV | |
| 100 | 1_ | a | Автор | Никифорова Светлана Валерьевна |
| q | Полное имя | Никифорова С. В. | ||
| 245 | 10 | a | Заглавие | Скандинавская ходьба в профилактике одиночества пожилых людей |
| 260 | a | Место издания | Тверь | |
| b | Издательство | Тверской государственный университет | ||
| 504 | a | Библиография | Библиогр.: с. 69 (7 назв.) | |
| 653 | 0_ | a | Ключевые слова | Скандинавская ходьба |
| a | Ключевые слова | Пожилой возраст | ||
| a | Ключевые слова | Труды Тверского государственного университета | ||
| 773 | 18 | w | Контрольный № источника | 16c35705eaa44cf79369e991551d84b9 |
| t | Название источника | Традиции и новации в профессиональной подготовке и деятельности педагога | ||
| d | Место и дата издания | Тверь : Тверской государственный университет, 2018 | ||
| g | Прочая информация | Вып. 16. - С. 64-70. | ||
| 901 | t | Тип документа | a | |
| 920 | a | Оператор | Стар | |
| 954 | b | Дата поступления в ОК | 20200925 |